Dạy và học Luật hình sự Việt Nam theo phương pháp lấy sinh viên làm trung tâm
Giới thiệu phương pháp dạy và học "lấy sinh viên làm trung tâm", dạy và học Luật hình sự Việt Nam (phần chung) theo phương pháp "lấy sinh viên làm trung tâm", phân tích những nội dung cơ bản cần báo cáo, phản biện và tài liệu...
Đã lưu trong:
| Hovedforfatter: | |
|---|---|
| Format: | Bog |
| Sprog: | Undetermined |
| Udgivet: |
Hà Nội
Chính trị Quốc gia
2010
|
| Fag: | |
| Tags: |
Tilføj Tag
Ingen Tags, Vær først til at tagge denne postø!
|
| Thư viện lưu trữ: | Trung tâm Học liệu Trường Đại học Cần Thơ |
|---|
| LEADER | 01087nam a2200205Ia 4500 | ||
|---|---|---|---|
| 001 | CTU_173900 | ||
| 008 | 210402s9999 xx 000 0 und d | ||
| 020 | |c 27000 | ||
| 082 | |a 345.597 | ||
| 082 | |b B205 | ||
| 100 | |a Phạm, Văn Beo | ||
| 245 | 0 | |a Dạy và học Luật hình sự Việt Nam theo phương pháp lấy sinh viên làm trung tâm | |
| 260 | |a Hà Nội | ||
| 260 | |b Chính trị Quốc gia | ||
| 260 | |c 2010 | ||
| 520 | |a Giới thiệu phương pháp dạy và học "lấy sinh viên làm trung tâm", dạy và học Luật hình sự Việt Nam (phần chung) theo phương pháp "lấy sinh viên làm trung tâm", phân tích những nội dung cơ bản cần báo cáo, phản biện và tài liệu tham khảo, đưa ra một số đề thi mẫu và gợi ý trả lời. | ||
| 650 | |a Criminal law,Luật hình sự | ||
| 650 | |z Vietnam,Việt Nam | ||
| 904 | |i Nguyễn Trung Hiếu, Hải | ||
| 980 | |a Trung tâm Học liệu Trường Đại học Cần Thơ | ||